<?xml version="1.0" encoding="UTF-8"?><?xml-stylesheet type="text/xsl" href="static/style.xsl"?><OAI-PMH xmlns="http://www.openarchives.org/OAI/2.0/" xmlns:xsi="http://www.w3.org/2001/XMLSchema-instance" xsi:schemaLocation="http://www.openarchives.org/OAI/2.0/ http://www.openarchives.org/OAI/2.0/OAI-PMH.xsd"><responseDate>2026-06-05T12:50:00Z</responseDate><request verb="GetRecord" identifier="oai:riuma.uma.es:10630/34162" metadataPrefix="marc">https://riuma.uma.es/rest/oai/request</request><GetRecord><record><header><identifier>oai:riuma.uma.es:10630/34162</identifier><datestamp>2026-02-03T10:51:37Z</datestamp><setSpec>com_10630_2254</setSpec><setSpec>col_10630_37953</setSpec></header><metadata><record xmlns="http://www.loc.gov/MARC21/slim" xmlns:dcterms="http://purl.org/dc/terms/" xmlns:doc="http://www.lyncode.com/xoai" xmlns:xsi="http://www.w3.org/2001/XMLSchema-instance" xsi:schemaLocation="http://www.loc.gov/MARC21/slim http://www.loc.gov/standards/marcxml/schema/MARC21slim.xsd">
   <leader>00925njm 22002777a 4500</leader>
   <datafield ind2=" " ind1=" " tag="042">
      <subfield code="a">dc</subfield>
   </datafield>
   <datafield ind2=" " ind1=" " tag="720">
      <subfield code="a">Pachkoria, K.</subfield>
      <subfield code="e">author</subfield>
   </datafield>
   <datafield ind2=" " ind1=" " tag="720">
      <subfield code="a">Lucena-González, María Isabel</subfield>
      <subfield code="e">author</subfield>
   </datafield>
   <datafield ind2=" " ind1=" " tag="720">
      <subfield code="a">Molokhia, Mariam</subfield>
      <subfield code="e">author</subfield>
   </datafield>
   <datafield ind2=" " ind1=" " tag="720">
      <subfield code="a">Cueto-Galán, Raquel</subfield>
      <subfield code="e">author</subfield>
   </datafield>
   <datafield ind2=" " ind1=" " tag="720">
      <subfield code="a">Serrano-Carballo, Alfonso</subfield>
      <subfield code="e">author</subfield>
   </datafield>
   <datafield ind2=" " ind1=" " tag="720">
      <subfield code="a">Carvajal, Alfonso</subfield>
      <subfield code="e">author</subfield>
   </datafield>
   <datafield ind2=" " ind1=" " tag="720">
      <subfield code="a">Andrade-Bellido, Raúl Jesús</subfield>
      <subfield code="e">author</subfield>
   </datafield>
   <datafield ind2=" " ind1=" " tag="260">
      <subfield code="c">2007</subfield>
   </datafield>
   <datafield ind2=" " ind1=" " tag="520">
      <subfield code="a">El diagnóstico de la lesión hepática inducida por medicamentos (DILI, por sus siglas en inglés) es desafiante y se basa en criterios diagnósticos complejos. DILI se clasifica en dos categorías principales: i) reacciones intrínsecas “dependientes de la dosis” o de tipo A, y ii) reacciones "idiosincrásicas" o de tipo B (que generalmente no son predecibles). Las reacciones idiosincrásicas pueden ser inmunoalérgicas (hipersensibilidad) o metabólicas, aunque puede haber solapamiento entre categorías. El objetivo de esta revisión es resumir la visión general de los mecanismos subyacentes en DILI y destacar los factores de riesgo individuales para el desarrollo de hepatotoxicidad. Se exploran los polimorfismos en las vías de bioactivación/toxificación a través de las enzimas CYP450 (Fase I), las reacciones de desintoxicación (Fase II) y la excreción/transporte (Fase III), junto con factores inmunológicos en la hepatotoxicidad. Se subraya la importancia de establecer una red multidisciplinaria y multicéntrica para promover la comprensión y la investigación en hepatotoxicidad. Se consideran desafíos como los análisis genéticos para estudios de asociación y estudios de genoma completo, las pruebas farmacogenéticas y los enfoques futuros para estudiar el DILI. El conocimiento sobre estos mecanismos operativos podría proporcionar una mayor comprensión para la identificación prospectiva de pacientes susceptibles con riesgo de desarrollar hepatotoxicidad inducida por fármacos.</subfield>
   </datafield>
   <datafield ind1="8" ind2=" " tag="024">
      <subfield code="a">Pachkoria K, Lucena MI, Molokhia M, Cueto R, Carballo AS, Carvajal A, Andrade RJ. Genetic and molecular factors in drug-induced liver injury: a review. Curr Drug Saf. 2007 May;2(2):97-112</subfield>
   </datafield>
   <datafield ind1="8" ind2=" " tag="024">
      <subfield code="a">1574-8863</subfield>
   </datafield>
   <datafield ind1="8" ind2=" " tag="024">
      <subfield code="a">https://hdl.handle.net/10630/34162</subfield>
   </datafield>
   <datafield ind1="8" ind2=" " tag="024">
      <subfield code="a">10.2174/157488607780598287</subfield>
   </datafield>
   <datafield tag="653" ind2=" " ind1=" ">
      <subfield code="a">Hepatotoxicidad - Aspectos genéticos</subfield>
   </datafield>
   <datafield ind2="0" ind1="0" tag="245">
      <subfield code="a">Genetic and Molecular Factors in Drug-Induced Liver Injury: A Review.</subfield>
   </datafield>
</record>
</metadata></record></GetRecord></OAI-PMH>